000
00281 a2200145 4500
001
169853
020
_a
040
_c
Magnum
100
_a
-
240
1
0
_a
Valores e educação
_l
por
245
1
0
_a
Valores e educação
362
0
_a
1899
697
_a
SOCIOLOGIA
942
_c
BK
999
_c
169853
_d
169853